I Simpósio internacional sobre gestão ambiental e controle de contas públicas (Record no. 1158)
[ view plain ]
| 000 -LÍDER | |
|---|---|
| Campo Fixo de Controle | 01031nam a2200217 a 4500 |
| 001 - NÚMERO DE CONTROLE | |
| Campo de Controle | 1158 |
| 003 - IDENTIFICAÇÃO DO NÚMERO DE CONTROLE | |
| Campo de Controle | BR-CuiBMT |
| 005 - DATA E HORA DA ÚLTIMA ATUALIZAÇÃO | |
| Campo de Controle | 20231217151742.0 |
| 008 - DADOS FIXOS | |
| Dados Fixos | 230725s2011 mgba 100 0 por d |
| 020 ## - INTERNATIONAL STANDARD BOOK NUMBER | |
| Nº do ISBN | 9788577004348 |
| 040 ## - AGÊNCIA CATALOGADORA | |
| Código da Agência Catalogadora | BR-CuiBMT |
| Agência que transcreveu o registro | BR-CuiBMT |
| 080 ## - Nº DA CLASSIFICAÇÃO DECIMAL UNIVERSAL | |
| Nº Class. CDU | 336.13:502.131.1 |
| Subd. Auxiliar Comum | (062) |
| Nº edição CDU | 2007 |
| 090 ## - NÚMERO DE CHAMADA | |
| Nº classificação | 336.13:502.131.1(062) |
| Cutter | S612i |
| 111 2# - ENTRADA PRINCIPAL -- EVENTO | |
| Nome do evento ou lugar | Simpósio Internacional sobre Gestão Ambiental e Controle de Contas Públicas |
| Número da parte/seção do evento | (1. : |
| Data da realização do evento | 2010 : |
| Local de realização do evento | Manaus, AM) |
| 245 12 - TÍTULO PRINCIPAL | |
| Título principal | I Simpósio internacional sobre gestão ambiental e controle de contas públicas |
| Subtítulo | O papel dos tribunais de contas / |
| Indicação de responsabilidade | [Tribunal de Contas do Estado do Amazonas, Instituto Rui Barbosa, Secretaria de Estado do Meio Ambiente e do Desenvolvimento Sustentável do Estado do Amazonas]. |
| 260 ## - PUBLICAÇÃO, DISTRIBUIÇÃO, ETC. | |
| Local de publicação | Belo Horizonte : |
| Editora | Fórum, |
| Data | 2011. |
| 300 ## - DESCRIÇÃO FÍSICA | |
| N. páginas ou volumes | 175 p. : |
| Ilustrações | il. ; |
| Dimensões | 22 cm |
| 650 ## - ASSUNTO TÓPICO | |
| Cabeçalho tópico ou nome geográfico | Gestão ambiental |
| Subdivisão geral | Tribunal de contas |
| Subdivisão geográfica | Amazonas |
| Subdivisão de forma | Congressos |
| 650 ## - ASSUNTO TÓPICO | |
| Cabeçalho tópico ou nome geográfico | Administração pública |
| Subdivisão geral | Gestão ambiental |
| -- | Tribunal de contas |
| Subdivisão de forma | Congressos |
| 942 ## - ELEMENTOS DE ENTRADA ADICIONAIS (KOHA) | |
| Fonte de classificação ou esquema de arquivamento | Classificação Decimal Universal |
| Tipo de item do Koha | Livros |
| Estado: removido | Estado: perdido | Fonte de classificação ou esquema de arquivamento | Estado: danificado | Indisponível para empréstimo | Localização permanente | Localização atual | Data de aquisição | Total Checkouts | Número de Chamada completo | Código de barras | Date last seen | Número do exemplar | Preço efetivo a partir de | Tipo de item (Koha) |
|---|---|---|---|---|---|---|---|---|---|---|---|---|---|---|
| Classificação Decimal Universal | Biblioteca da Escola Superior de Contas do TCE/MT | Biblioteca da Escola Superior de Contas do TCE/MT | 30/11/2023 | 336.13:502.131.1(062) S612i | BIBTCEMT23111354 | 30/11/2023 | Ex. 1 | 30/11/2023 | Livros | |||||
| Classificação Decimal Universal | Biblioteca da Escola Superior de Contas do TCE/MT | Biblioteca da Escola Superior de Contas do TCE/MT | 30/11/2023 | 336.13:502.131.1(062) S612i | BIBTCEMT23120588 | 15/12/2023 | Ex. 2 | 30/11/2023 | Livros |